[Event "Groningen Chess Festival 2010 - Open"]
[Site "Groningen NED"]
[Date "2010.12.26"]
[Round "5.14"]
[White "Hess, Christian"]
[Black "Ashwin, Jayaram"]
[Result "0-1"]
[WhiteElo "2256"]
[BlackElo "2420"]
[PlyCount "70"]
[EventDate "2010.12.21"]
[EventType "swiss"]
[EventRounds "9"]
[EventCountry "NED"]
[Source "lmi"]
[SourceDate "2010.12.21"]

1. c4 Nf6 2. g3 g6 3. Bg2 Bg7 4. Nc3 O-O 5. d3 d6 6. Nf3 e5 7. O-O a5 8. Rb1 h6
9. a3 Re8 10. Nd2 c6 11. e4 Na6 12. b4 axb4 13. axb4 Nc7 14. Bb2 Bg4 15. Qc2
Qd7 16. Ra1 h5 17. Nf3 Ne6 18. Ne2 Nh7 19. Nh4 Nhg5 20. f3 Bh3 21. Bxh3 Nxh3+
22. Kh1 d5 23. Rxa8 Rxa8 24. f4 dxe4 25. dxe4 exf4 26. Bxg7 Nxg7 27. Nxf4 Nxf4
28. gxf4 Qh3 29. Ng2 Ra3 30. Rg1 h4 31. Qf2 Qd3 32. Re1 h3 33. Nh4 Qxc4 34. f5
g5 35. f6 Ne6 0-1

[Event "Groningen Chess Festival 2010 - Open"]
[Site "Groningen NED"]
[Date "2010.12.26"]
[Round "5.15"]
[White "Poetsch, Hagen"]
[Black "Herman, Matthew J"]
[Result "1-0"]
[WhiteElo "2408"]
[BlackElo "2149"]
[PlyCount "117"]
[EventDate "2010.12.21"]
[EventType "swiss"]
[EventRounds "9"]
[EventCountry "NED"]
[Source "lmi"]
[SourceDate "2010.12.21"]

1. e4 c5 2. Nf3 d6 3. d4 cxd4 4. Nxd4 Nf6 5. Nc3 a6 6. Bg5 e6 7. f4 Qb6 8. Qd2
Qxb2 9. Rb1 Qa3 10. Be2 Nc6 11. Nxc6 bxc6 12. O-O Be7 13. e5 dxe5 14. fxe5 Qc5+
15. Kh1 Qxe5 16. Bf4 Qa5 17. Bf3 Bd7 18. Rb7 O-O 19. Nd5 Qxd5 20. Bxd5 cxd5 21.
Be5 Ne4 22. Qd1 Rad8 23. c4 Bc5 24. Qe2 Bc8 25. Rc7 Bb6 26. Rc6 Ba7 27. Qg4 g6
28. Qh4 Be3 29. Rc7 Bg5 30. Qh3 h5 31. Qf3 Nd2 32. Qxf7+ Rxf7 33. Rfxf7 Rd7 34.
Rfxd7 Bxd7 35. Rxd7 Nxc4 36. Rg7+ Kf8 37. Rxg6 Be3 38. Rxe6 Kf7 39. Rf6+ Ke7
40. Bc3 Nd6 41. Rf3 d4 42. Bb4 Ke6 43. Bxd6 Kxd6 44. g3 Kd5 45. Kg2 Kc4 46. Kf1
Kd3 47. Ke1 Kc2 48. Rxe3 dxe3 49. Ke2 a5 50. h4 a4 51. g4 hxg4 52. h5 g3 53.
Kxe3 g2 54. Kf2 a3 55. h6 Kb2 56. h7 Kxa2 57. h8=Q Kb1 58. Qb8+ Ka1 59. Qf4 1-0

[Event "Groningen Chess Festival 2010 - Open"]
[Site "Groningen NED"]
[Date "2010.12.26"]
[Round "5.16"]
[White "Donchenko, Alexander"]
[Black "De Jong, Migchiel"]
[Result "0-1"]
[WhiteElo "2207"]
[BlackElo "2406"]
[PlyCount "78"]
[EventDate "2010.12.21"]
[EventType "swiss"]
[EventRounds "9"]
[EventCountry "NED"]
[Source "lmi"]
[SourceDate "2010.12.21"]

1. d4 e6 2. Nf3 c5 3. c4 cxd4 4. Nxd4 Nf6 5. Nc3 Bb4 6. Bd2 Nc6 7. e3 O-O 8. a3
Bc5 9. Nb3 Bb6 10. c5 Bc7 11. Nb5 d5 12. cxd6 Bxd6 13. Nxd6 Qxd6 14. Bc3 Qe7
15. Qc2 Nd5 16. Bd2 Bd7 17. Qc5 Qf6 18. e4 Nb6 19. Qc3 Qg6 20. Qc2 Rac8 21. Bc3
e5 22. Rd1 Be6 23. f3 Na4 24. g3 Nxc3 25. bxc3 Qf6 26. Nd2 Qe7 27. Bc4 Qxa3 28.
Bxe6 fxe6 29. Qd3 Rfd8 30. Qe3 Nd4 31. O-O Qxc3 32. Qg5 h6 33. Qe7 Qc5 34. Qxb7
Nxf3+ 35. Kg2 Rc7 36. Nb3 Qc2+ 37. Rf2 Qxd1 38. Qxc7 Qg1+ 39. Kxf3 Rf8+ 0-1

[Event "Groningen Chess Festival 2010 - Open"]
[Site "Groningen NED"]
[Date "2010.12.26"]
[Round "5.17"]
[White "Ootes, Lennart"]
[Black "Feuerstack, Aljoscha"]
[Result "1-0"]
[WhiteElo "2173"]
[BlackElo "2404"]
[PlyCount "67"]
[EventDate "2010.12.21"]
[EventType "swiss"]
[EventRounds "9"]
[EventCountry "NED"]
[Source "lmi"]
[SourceDate "2010.12.21"]

1. e4 c5 2. Nf3 e6 3. d4 cxd4 4. Nxd4 Nf6 5. Nc3 Nc6 6. Ndb5 Bc5 7. Bf4 O-O 8.
Bc7 Qe7 9. Bd6 Bxd6 10. Qxd6 Qd8 11. Nc7 Ne8 12. Nxe8 Rxe8 13. Be2 Qb6 14.
O-O-O Qxf2 15. Kb1 f6 16. g4 Ne5 17. Qd2 Nf7 18. h4 Qc5 19. Rhg1 g5 20. Rdf1
gxh4 21. g5 Nxg5 22. Nd5 exd5 23. Rxg5+ Kh8 24. Rxf6 h3 25. Qf4 h2 26. Qxh2 Qe7
27. Qf4 Rg8 28. Rxg8+ Kxg8 29. Bh5 Qg7 30. a4 d6 31. Bf7+ Kh8 32. Bxd5 Bg4 33.
Rf7 Qg6 34. Rf8+ 1-0

[Event "Groningen Chess Festival 2010 - Open"]
[Site "Groningen NED"]
[Date "2010.12.26"]
[Round "5.18"]
[White "Van Overdam, Julian"]
[Black "Van Eijk, Sander"]
[Result "1-0"]
[WhiteElo "2122"]
[BlackElo "2387"]
[PlyCount "71"]
[EventDate "2010.12.21"]
[EventType "swiss"]
[EventRounds "9"]
[EventCountry "NED"]
[Source "lmi"]
[SourceDate "2010.12.21"]

1. e4 c5 2. Nc3 e6 3. f4 a6 4. Nf3 b5 5. d3 Bb7 6. g4 d5 7. exd5 exd5 8. Bg2
Bd6 9. O-O b4 10. Ne2 Ne7 11. d4 Nbc6 12. Be3 Qb6 13. dxc5 Bxc5 14. Bxc5 Qxc5+
15. Nfd4 h5 16. Kh1 hxg4 17. Nxc6 Qxc6 18. Qd4 Qh6 19. h3 a5 20. Ng3 O-O 21.
Rae1 Qh4 22. f5 Qxg3 23. Rxe7 gxh3 24. Bf3 Rac8 25. Rxb7 Rxc2 26. Qg1 Qe5 27.
f6 g6 28. Re7 Qd6 29. Re2 Rfc8 30. Qh2 Qa6 31. Qxh3 Rc1 32. Rxc1 Rxc1+ 33. Kg2
Rc8 34. Qd7 Rf8 35. Qc7 Qc4 36. Qe5 1-0

[Event "Groningen Chess Festival 2010 - Open"]
[Site "Groningen NED"]
[Date "2010.12.26"]
[Round "5.19"]
[White "Carlstedt, Jonathan"]
[Black "Partenheimer, Axel"]
[Result "1/2-1/2"]
[WhiteElo "2392"]
[BlackElo "2201"]
[PlyCount "80"]
[EventDate "2010.12.21"]
[EventType "swiss"]
[EventRounds "9"]
[EventCountry "NED"]
[Source "lmi"]
[SourceDate "2010.12.21"]

1. c4 c5 2. g3 g6 3. Bg2 Bg7 4. Nc3 Nc6 5. Nf3 e6 6. O-O Nge7 7. a3 O-O 8. Rb1
a5 9. Nb5 d5 10. cxd5 exd5 11. Qc2 b6 12. d3 Ba6 13. Nc3 d4 14. Ne4 Nd5 15. Bg5
f6 16. Bd2 Qd7 17. Rfc1 Bb7 18. Qc4 Kh8 19. b4 axb4 20. axb4 Ncxb4 21. Bxb4
Nxb4 22. Nxd4 f5 23. Nxc5 bxc5 24. Bxb7 Qxb7 25. Ne6 Rfb8 26. Nxc5 Qb5 27. Qxb5
Rxb5 28. Rc4 Ra1 29. Rxa1 Bxa1 30. Ne6 Rb8 31. h4 Nd5 32. e4 fxe4 33. dxe4 Nf6
34. Kg2 Re8 35. Ng5 Re7 36. Ra4 Bb2 37. f4 h6 38. e5 Ng4 39. Ne4 Kg7 40. Rb4
Ba1 1/2-1/2

[Event "Groningen Chess Festival 2010 - Open"]
[Site "Groningen NED"]
[Date "2010.12.26"]
[Round "5.20"]
[White "Afek, Yochanan"]
[Black "Maris, Ivo"]
[Result "1-0"]
[WhiteElo "2238"]
[BlackElo "1955"]
[PlyCount "133"]
[EventDate "2010.12.21"]
[EventType "swiss"]
[EventRounds "9"]
[EventCountry "NED"]
[Source "lmi"]
[SourceDate "2010.12.21"]

1. Nf3 d6 2. d4 Nf6 3. Nc3 Nbd7 4. Bf4 a6 5. e4 b5 6. e5 Nh5 7. Be3 g6 8. Bd3
Bb7 9. e6 fxe6 10. Ng5 Ndf6 11. Nxh7 b4 12. Bxg6+ Kd7 13. Ng5 Qb8 14. Nce4 Nxe4
15. Bxe4 Nf6 16. Bxb7 Qxb7 17. Qf3 Qd5 18. Qxd5 exd5 19. a3 Rb8 20. axb4 Rxb4
21. b3 Ng4 22. Nf3 e5 23. Rxa6 e4 24. Nd2 Bh6 25. Ke2 Bxe3 26. fxe3 Rxh2 27.
Rxh2 Nxh2 28. Ra8 Ke6 29. Rg8 Kf5 30. Rc8 Rb7 31. c4 dxc4 32. bxc4 Ng4 33. Re8
Nf6 34. Re7 Ra7 35. Nxe4 Nxe4 36. g4+ Kxg4 37. Rxe4+ Kf5 38. Re7 Kf6 39. Rh7
Kg6 40. Rd7 Kf6 41. Kd3 Ke6 42. Rh7 Ra3+ 43. Ke4 c6 44. d5+ cxd5+ 45. cxd5+ Kf6
46. Kf4 Ra4+ 47. e4 Ra1 48. Rd7 Ra6 49. Rh7 Ra1 50. Rd7 Ra6 51. Ke3 Ra3+ 52.
Kd4 Ra4+ 53. Kd3 Ra3+ 54. Kc4 Ra4+ 55. Kb5 Rxe4 56. Kc6 Rc4+ 57. Kxd6 Ra4 58.
Rh7 Ra6+ 59. Kc5 Ra1 60. d6 Rc1+ 61. Kd5 Rd1+ 62. Kc6 Rc1+ 63. Kd7 Rd1 64. Rh2
Rc1 65. Rf2+ Ke5 66. Ke7 Rc6 67. Re2+ 1-0

[Event "Groningen Chess Festival 2010 - Open"]
[Site "Groningen NED"]
[Date "2010.12.26"]
[Round "5.21"]
[White "Dehn, Marcus"]
[Black "Aronov, Igor"]
[Result "1/2-1/2"]
[WhiteElo "2115"]
[BlackElo "2207"]
[PlyCount "76"]
[EventDate "2010.12.21"]
[EventType "swiss"]
[EventRounds "9"]
[EventCountry "NED"]
[Source "lmi"]
[SourceDate "2010.12.21"]

1. d4 d5 2. Nf3 Nc6 3. Bf4 Bg4 4. Nbd2 e6 5. h3 Bf5 6. c3 Bd6 7. e3 Nf6 8. Bb5
O-O 9. g4 Bg6 10. Bg5 Be7 11. Qa4 Nb8 12. Ne5 c6 13. Nxg6 hxg6 14. Bd3 Nbd7 15.
Bf4 c5 16. Qd1 Qb6 17. Rb1 Bd6 18. Bxd6 Qxd6 19. f4 g5 20. O-O gxf4 21. exf4
cxd4 22. g5 Ne4 23. Bxe4 dxe4 24. Nxe4 Qd5 25. Qxd4 Qxd4+ 26. cxd4 Nb6 27. Nc5
Nc4 28. Rbc1 Nd6 29. Rfd1 b6 30. Nb3 Nf5 31. Kf2 a5 32. d5 a4 33. Nd4 Nxd4 34.
Rxd4 exd5 35. Rxd5 a3 36. Rb5 axb2 37. Rxb2 Ra3 38. Rxb6 Rxa2+ 1/2-1/2

[Event "Groningen Chess Festival 2010 - Open"]
[Site "Groningen NED"]
[Date "2010.12.26"]
[Round "5.23"]
[White "Lyell, Mark"]
[Black "Sparenberg, Erik"]
[Result "0-1"]
[WhiteElo "2210"]
[BlackElo "2095"]
[PlyCount "75"]
[EventDate "2010.12.21"]
[EventType "swiss"]
[EventRounds "9"]
[EventCountry "NED"]
[Source "lmi"]
[SourceDate "2010.12.21"]

1. e4 e5 2. Nf3 Nc6 3. Bc4 Bc5 4. b4 Bxb4 5. c3 Bd6 6. d4 Nf6 7. O-O O-O 8.
Nbd2 Qe7 9. Re1 Re8 10. Nf1 Qf8 11. Bg5 Nh5 12. Bh4 h6 13. Ne3 exd4 14. Nxd4
Nf4 15. Ndf5 Be5 16. Nd5 Nxd5 17. exd5 Na5 18. Bd3 d6 19. Nd4 Bd7 20. Qf3 a6
21. Rac1 b6 22. Bb1 g6 23. Bf6 Bxf6 24. Qxf6 Qg7 25. Qh4 Nb7 26. f4 Nc5 27. f5
g5 28. Qg3 Qf6 29. h4 Rxe1+ 30. Rxe1 Re8 31. Rxe8+ Bxe8 32. Nf3 Qxc3 33. hxg5
Qc1+ 34. Kh2 hxg5 35. Nxg5 Kf8 36. f6 Qxb1 37. Qh4 Qg6 38. Qe1 0-1

[Event "Groningen Chess Festival 2010 - Open"]
[Site "Groningen NED"]
[Date "2010.12.26"]
[Round "5.24"]
[White "Jacoby, Gisbert"]
[Black "Lampert, Jonas"]
[Result "0-1"]
[WhiteElo "2185"]
[BlackElo "2131"]
[PlyCount "46"]
[EventDate "2010.12.21"]
[EventType "swiss"]
[EventRounds "9"]
[EventCountry "NED"]
[Source "lmi"]
[SourceDate "2010.12.21"]

1. d4 d5 2. c4 c6 3. Nf3 Nf6 4. e3 Bg4 5. h3 Bh5 6. Nc3 e6 7. Bd3 Nbd7 8. O-O
Bd6 9. e4 dxe4 10. Nxe4 Nxe4 11. Bxe4 O-O 12. Qe2 Re8 13. g4 Bg6 14. Bg5 Qb8
15. Rfe1 e5 16. d5 Bxe4 17. Qxe4 Nc5 18. Qc2 e4 19. Nd2 Bf4 20. b4 e3 21. Nf1
exf2+ 22. Kxf2 Rxe1 23. Kxe1 Qe5+ 0-1

[Event "Groningen Chess Festival 2010 - Open"]
[Site "Groningen NED"]
[Date "2010.12.26"]
[Round "5.25"]
[White "Lambrechts, Koen"]
[Black "Van Overdam, Jan"]
[Result "1-0"]
[WhiteElo "2174"]
[BlackElo "2030"]
[PlyCount "63"]
[EventDate "2010.12.21"]
[EventType "swiss"]
[EventRounds "9"]
[EventCountry "NED"]
[Source "lmi"]
[SourceDate "2010.12.21"]

1. e4 c5 2. Nf3 g6 3. d4 cxd4 4. Nxd4 Nc6 5. Nc3 Bg7 6. Be3 Nf6 7. Bc4 O-O 8.
Bb3 d6 9. h3 Bd7 10. O-O Nxd4 11. Bxd4 Bc6 12. Qd3 Nd7 13. Bxg7 Kxg7 14. Rfe1
Nc5 15. Qd4+ f6 16. Bd5 a5 17. Rad1 Qb6 18. b3 Rad8 19. Re3 Qb4 20. Bc4 e6 21.
Rg3 Rd7 22. h4 Rfd8 23. h5 b5 24. hxg6 hxg6 25. a3 Qxa3 26. Nxb5 Bxb5 27. Bxb5
Rb7 28. e5 Rxb5 29. Qg4 g5 30. exf6+ Kf7 31. Qh5+ Kxf6 32. Rf3+ 1-0

[Event "Groningen Chess Festival 2010 - Open"]
[Site "Groningen NED"]
[Date "2010.12.26"]
[Round "5.26"]
[White "Bijlsma, Nick"]
[Black "Van Foreest, Jorden"]
[Result "0-1"]
[WhiteElo "2133"]
[BlackElo "1970"]
[PlyCount "64"]
[EventDate "2010.12.21"]
[EventType "swiss"]
[EventRounds "9"]
[EventCountry "NED"]
[Source "lmi"]
[SourceDate "2010.12.21"]

1. e4 c5 2. Nf3 d6 3. d4 cxd4 4. Nxd4 Nf6 5. Nc3 a6 6. Bd3 e5 7. Nde2 Be7 8.
O-O O-O 9. Be3 b5 10. b4 Bb7 11. a4 bxa4 12. Rxa4 Bc6 13. Ra1 d5 14. exd5 Nxd5
15. Bc5 Bxc5 16. bxc5 Nxc3 17. Nxc3 Qd4 18. Qe1 Qxc5 19. Ne4 Qe7 20. Ra5 Rc8
21. f4 exf4 22. Rxf4 Re8 23. Qg3 Nd7 24. Rh5 g6 25. Rhf5 Bxe4 26. Rxe4 Qa3 27.
Rxe8+ Rxe8 28. Rxf7 Qc5+ 29. Rf2 Qd4 30. Bf1 Rf8 31. Bd3 Ne5 32. Be2 Ng4 0-1

[Event "Groningen Chess Festival 2010 - Open"]
[Site "Groningen NED"]
[Date "2010.12.26"]
[Round "5.28"]
[White "Knol, Geon"]
[Black "Kerigan, Demre"]
[Result "0-1"]
[WhiteElo "2097"]
[BlackElo "2149"]
[PlyCount "102"]
[EventDate "2010.12.21"]
[EventType "swiss"]
[EventRounds "9"]
[EventCountry "NED"]
[Source "lmi"]
[SourceDate "2010.12.21"]

1. g3 Nf6 2. Bg2 g6 3. e4 d6 4. Ne2 Bg7 5. O-O O-O 6. d3 c5 7. Nbc3 Nc6 8. f4
Rb8 9. h3 Bd7 10. Be3 b5 11. Qd2 b4 12. Nd1 a5 13. g4 Ne8 14. f5 a4 15. Bh6 b3
16. axb3 axb3 17. c3 Ne5 18. Bxg7 Kxg7 19. c4 Qb6 20. Ne3 Nc7 21. Nd5 Nxd5 22.
exd5 f6 23. Be4 Rh8 24. Nf4 h5 25. Nxg6 Nxg6 26. fxg6 hxg4 27. hxg4 Bxg4 28.
Rae1 Qc7 29. Qf4 Qd7 30. Kf2 Rh4 31. Rg1 Rbh8 32. Rg3 R8h5 33. Qc1 Rh2+ 34. Kg1
R2h3 35. Rxh3 Bxh3 36. Qf4 Qg4+ 37. Qxg4 Bxg4 38. Kf2 Re5 39. Ra1 f5 40. Bf3
Kxg6 41. Ra3 Kg5 42. Rxb3 Kf4 43. d4 cxd4 44. Rd3 Bxf3 45. Rxf3+ Ke4 46. Ke2 f4
47. b4 Rh5 48. Rb3 d3+ 49. Kf2 f3 50. Rb1 Rh2+ 51. Kg1 Rc2 0-1

[Event "Groningen Chess Festival 2010 - Open"]
[Site "Groningen NED"]
[Date "2010.12.27"]
[Round "6.1"]
[White "Nyzhnyk, Illya"]
[Black "Bluvshtein, Mark"]
[Result "1/2-1/2"]
[WhiteElo "2535"]
[BlackElo "2587"]
[PlyCount "86"]
[EventDate "2010.12.21"]
[EventType "swiss"]
[EventRounds "9"]
[EventCountry "NED"]
[Source "lmi"]
[SourceDate "2010.12.21"]

1. d4 Nf6 2. c4 e6 3. Nf3 Bb4+ 4. Nbd2 O-O 5. a3 Be7 6. e4 d5 7. cxd5 exd5 8.
e5 Nfd7 9. Bd3 c5 10. O-O Nc6 11. Re1 a5 12. Bc2 Re8 13. Nf1 cxd4 14. Bf4 Qb6
15. Rb1 Nf8 16. h3 Be6 17. N1d2 Ng6 18. Bg3 f6 19. exf6 Bxf6 20. Bd3 Bf7 21.
Qc2 Nf8 22. Bd6 g6 23. Bc5 Qd8 24. Rxe8 Qxe8 25. Bxf8 Qxf8 26. Qb3 Qe7 27. Qb6
Rc8 28. Rc1 Kg7 29. Nb3 Qd8 30. Qxb7 Rb8 31. Qxc6 Rxb3 32. Qc2 Qb8 33. Rb1 Be6
34. g4 Rb7 35. Qc6 Bf7 36. g5 Be7 37. Nxd4 Bxg5 38. Ne6+ Bxe6 39. Qxe6 Rxb2 40.
Rxb2 Qxb2 41. Qxd5 Qxa3 42. Qxg5 Qxd3 43. Qe7+ Kg8 1/2-1/2

[Event "Groningen Chess Festival 2010 - Open"]
[Site "Groningen NED"]
[Date "2010.12.27"]
[Round "6.2"]
[White "Rotstein, Arkadij"]
[Black "Bojkov, Dejan"]
[Result "1/2-1/2"]
[WhiteElo "2538"]
[BlackElo "2542"]
[PlyCount "141"]
[EventDate "2010.12.21"]
[EventType "swiss"]
[EventRounds "9"]
[EventCountry "NED"]
[Source "lmi"]
[SourceDate "2010.12.21"]

1. c4 Nf6 2. g3 g6 3. Bg2 Bg7 4. Nc3 O-O 5. e4 d6 6. Nge2 c6 7. O-O a6 8. d4 b5
9. e5 dxe5 10. dxe5 Ng4 11. Qxd8 Rxd8 12. f4 Be6 13. c5 Ra7 14. h3 Nh6 15. g4
f6 16. exf6 exf6 17. Be3 f5 18. g5 Nf7 19. Rfe1 Re7 20. Kf2 Bc4 21. Rad1 Rde8
22. Nd4 Nxg5 23. fxg5 f4 24. Bxf4 Rxe1 25. Rxe1 Bxd4+ 26. Be3 Rxe3 27. Rxe3 b4
28. Ne4 Bxa2 29. Nf6+ Kf7 30. Ke2 Bxe3 31. Kxe3 h6 32. h4 hxg5 33. hxg5 a5 34.
Kd4 Be6 35. Ne4 Ke7 36. Nd6 a4 37. Nc4 Nd7 38. Be4 a3 39. Nxa3 bxa3 40. bxa3
Nf8 41. Bxc6 Bf5 42. a4 Ne6+ 43. Kc4 Kd8 44. a5 Kc7 45. Bd5 Nxg5 46. a6 Kb8 47.
Kd4 Ne6+ 48. Ke5 Nxc5 49. Bf7 Ka7 50. Bc4 Kb6 51. Kf6 Ne4+ 52. Ke5 Ka7 53. Bd3
Nd6 54. Be2 Ne8 55. Bc4 Ng7 56. Kf6 Nh5+ 57. Kg5 Ng3 58. Kf4 Ne4 59. Ke5 Nc5
60. Kf6 Nd7+ 61. Kg5 Ne5 62. Bb5 Nf3+ 63. Kf6 Be4 64. Be8 Nh4 65. Kg5 Nf3+ 66.
Kf4 Nd2 67. Ke3 Nc4+ 68. Kxe4 Nd6+ 69. Kf4 Nxe8 70. Kg5 Kxa6 71. Kxg6 1/2-1/2

[Event "Groningen Chess Festival 2010 - Open"]
[Site "Groningen NED"]
[Date "2010.12.27"]
[Round "6.3"]
[White "Brandenburg, Daan"]
[Black "Prohaszka, Peter"]
[Result "1/2-1/2"]
[WhiteElo "2515"]
[BlackElo "2536"]
[PlyCount "33"]
[EventDate "2010.12.21"]
[EventType "swiss"]
[EventRounds "9"]
[EventCountry "NED"]
[Source "lmi"]
[SourceDate "2010.12.21"]

1. e4 c6 2. d4 d5 3. e5 Bf5 4. Nf3 e6 5. Be2 Ne7 6. O-O c5 7. c4 Nbc6 8. Na3 a6
9. cxd5 Nxd5 10. Nc4 Nxd4 11. Nxd4 cxd4 12. Qxd4 Rc8 13. Ne3 Nxe3 14. Bxe3 Bc5
15. Qc3 Bd6 16. Qd4 Bc5 17. Qc3 1/2-1/2

[Event "Groningen Chess Festival 2010 - Open"]
[Site "Groningen NED"]
[Date "2010.12.27"]
[Round "6.4"]
[White "Romanishin, Oleg M"]
[Black "Baklan, Vladimir"]
[Result "1/2-1/2"]
[WhiteElo "2534"]
[BlackElo "2613"]
[PlyCount "49"]
[EventDate "2010.12.21"]
[EventType "swiss"]
[EventRounds "9"]
[EventCountry "NED"]
[Source "lmi"]
[SourceDate "2010.12.21"]

1. d4 Nf6 2. Nf3 g6 3. c4 Bg7 4. g3 O-O 5. Bg2 d6 6. O-O Nc6 7. Nc3 a6 8. b3
Rb8 9. Bb2 b5 10. cxb5 axb5 11. Rc1 b4 12. Nb1 Na7 13. Ne1 Nd7 14. Nd3 Ba6 15.
d5 Bxb2 16. Nxb2 e6 17. dxe6 fxe6 18. Qd4 Nc8 19. Bh3 Re8 20. Nd3 c5 21. Qe3
Nf8 22. Rfd1 Qe7 23. Nd2 Nb6 24. Ne4 Nd5 25. Qd2 1/2-1/2

[Event "Groningen Chess Festival 2010 - Open"]
[Site "Groningen NED"]
[Date "2010.12.27"]
[Round "6.5"]
[White "Andriasian, Zaven"]
[Black "Shiven, Khosla"]
[Result "1-0"]
[WhiteElo "2585"]
[BlackElo "2354"]
[PlyCount "75"]
[EventDate "2010.12.21"]
[EventType "swiss"]
[EventRounds "9"]
[EventCountry "NED"]
[Source "lmi"]
[SourceDate "2010.12.21"]

1. e4 c5 2. Ne2 d6 3. g3 Nf6 4. Bg2 g6 5. c3 Bg7 6. d4 O-O 7. O-O Nbd7 8. h3 e5
9. Be3 Re8 10. Nd2 cxd4 11. cxd4 exd4 12. Bxd4 Ne5 13. Nc3 Nc6 14. Be3 Be6 15.
Nb3 Bc4 16. Re1 Nb4 17. Bd4 Nc6 18. Be3 Nb4 19. Nc1 a5 20. a3 Nc6 21. Qd2 Qc7
22. Nd3 Rad8 23. Nf4 b5 24. Rac1 Qb8 25. Qd1 b4 26. Ncd5 Nxd5 27. Nxd5 Bxd5 28.
Qxd5 Ne7 29. Qd2 Qb5 30. Bf1 Qb7 31. axb4 d5 32. bxa5 dxe4 33. a6 Qxb2 34. Qxb2
Bxb2 35. Rb1 Bc3 36. Red1 Rxd1 37. Rxd1 Nf5 38. Bc5 1-0

[Event "Groningen Chess Festival 2010 - Open"]
[Site "Groningen NED"]
[Date "2010.12.27"]
[Round "6.6"]
[White "Bok, Benjamin"]
[Black "Nijboer, Friso"]
[Result "1-0"]
[WhiteElo "2458"]
[BlackElo "2583"]
[PlyCount "53"]
[EventDate "2010.12.21"]
[EventType "swiss"]
[EventRounds "9"]
[EventCountry "NED"]
[Source "lmi"]
[SourceDate "2010.12.21"]

1. e4 c5 2. Nf3 e6 3. d4 cxd4 4. Nxd4 a6 5. Nc3 Qc7 6. Bd3 Nf6 7. O-O d6 8. f4
b5 9. Qe2 Nbd7 10. Kh1 Bb7 11. Bd2 Be7 12. b4 O-O 13. a4 bxa4 14. Rxa4 Rfe8 15.
Raa1 Bf8 16. Nb3 e5 17. fxe5 Nxe5 18. Na5 d5 19. Nxb7 Neg4 20. Rf4 Bxb4 21.
Nxd5 Nxd5 22. Rxg4 Qxb7 23. Rb1 Qe7 24. Bg5 Qc5 25. Qf3 Nc7 26. e5 Ne6 27. Be3
1-0

[Event "Groningen Chess Festival 2010 - Open"]
[Site "Groningen NED"]
[Date "2010.12.27"]
[Round "6.7"]
[White "Werle, Jan"]
[Black "Lobzhanidze, Davit"]
[Result "1-0"]
[WhiteElo "2578"]
[BlackElo "2496"]
[PlyCount "121"]
[EventDate "2010.12.21"]
[EventType "swiss"]
[EventRounds "9"]
[EventCountry "NED"]
[Source "lmi"]
[SourceDate "2010.12.21"]

1. d4 d5 2. c4 c6 3. Nf3 Nf6 4. e3 Bf5 5. Nc3 e6 6. Nh4 Bg6 7. Be2 Nbd7 8. O-O
Bd6 9. g3 O-O 10. Nxg6 hxg6 11. Qb3 Rb8 12. Rd1 a6 13. a4 Qe7 14. Bd2 a5 15.
Na2 Bc7 16. Nc3 Bd6 17. Na2 Bc7 18. Be1 Ne4 19. Qc2 f5 20. b4 axb4 21. Nxb4
Rbc8 22. a5 Nb8 23. Rdb1 c5 24. dxc5 Be5 25. Ra2 Rxc5 26. Qb3 Rfc8 27. cxd5 Nc3
28. Bxc3 Rxc3 29. Rc2 Rxb3 30. Rxc8+ Kh7 31. Rxb3 exd5 32. Nxd5 Qe6 33. Rc4 g5
34. Bf3 Qa6 35. Rc5 g4 36. Bg2 Nc6 37. Nf4 Bxf4 38. gxf4 Nxa5 39. Ra3 b6 40.
Rxf5 Qc4 41. Rh5+ Kg6 42. Rg5+ Kf6 43. Bf1 Qc1 44. Rd3 Nc4 45. Rgd5 b5 46. Rd1
Qc2 47. R1d4 Qc1 48. Kg2 Qc2 49. Kg3 Qc1 50. Bg2 Qe1 51. Rd1 Qe2 52. h3 gxh3
53. Bxh3 b4 54. Bf1 Qc2 55. R1d4 Nb2 56. Rd6+ Kf7 57. Rxb4 Kg8 58. Bg2 Nd1 59.
Rd8+ Kf7 60. Rd7+ Kg8 61. Bd5+ 1-0

[Event "Groningen Chess Festival 2010 - Open"]
[Site "Groningen NED"]
[Date "2010.12.27"]
[Round "6.8"]
[White "Ashwin, Jayaram"]
[Black "Gupta, Abhijeet"]
[Result "0-1"]
[WhiteElo "2420"]
[BlackElo "2600"]
[PlyCount "108"]
[EventDate "2010.12.21"]
[EventType "swiss"]
[EventRounds "9"]
[EventCountry "NED"]
[Source "lmi"]
[SourceDate "2010.12.21"]

1. d4 Nf6 2. c4 g6 3. Nc3 d5 4. cxd5 Nxd5 5. g3 Bg7 6. Bg2 Nxc3 7. bxc3 c5 8.
Nf3 Nc6 9. O-O O-O 10. dxc5 Be6 11. Qa4 Qd5 12. Nd4 Qc4 13. Qxc4 Bxc4 14. Nxc6
bxc6 15. Bxc6 Rac8 16. Bf3 Rxc5 17. Be3 Rc7 18. a4 e5 19. Rfd1 Re8 20. Rab1 Bf8
21. Rb7 Rxb7 22. Bxb7 Bxe2 23. Rd2 Bc4 24. Bxa7 Re7 25. Rb2 Rd7 26. h4 Rd1+ 27.
Kh2 Ba3 28. Bf3 Bxb2 29. Bxd1 Bxc3 30. Bf3 f5 31. Bc6 Kf7 32. Bb6 Ke6 33. a5
Kd6 34. Bb7 Bd4 35. h5 Bxb6 36. axb6 Kc5 37. hxg6 hxg6 38. Bc8 Kxb6 39. Bd7 Kc5
40. Kg1 Kd4 41. Kg2 e4 42. Kh3 Kd3 43. Kg2 Ke2 44. Bc6 Bd3 45. Bd7 e3 46. fxe3
Kxe3 47. Kh3 g5 48. Be6 Kf2 49. Kh2 Be4 50. Bd7 g4 51. Bc6 Bf3 52. Be4 f4 53.
Bxf3 Kxf3 54. gxf4 Kf2 0-1

[Event "Groningen Chess Festival 2010 - Open"]
[Site "Groningen NED"]
[Date "2010.12.27"]
[Round "6.9"]
[White "Ernst, Sipke"]
[Black "Poetsch, Hagen"]
[Result "1-0"]
[WhiteElo "2590"]
[BlackElo "2408"]
[PlyCount "73"]
[EventDate "2010.12.21"]
[EventType "swiss"]
[EventRounds "9"]
[EventCountry "NED"]
[Source "lmi"]
[SourceDate "2010.12.21"]

1. d4 Nf6 2. c4 e6 3. Nf3 b6 4. g3 Ba6 5. Qc2 Bb7 6. Bg2 Bb4+ 7. Bd2 Bxd2+ 8.
Nbxd2 c5 9. e4 cxd4 10. e5 Ng4 11. Ne4 Qc7 12. Nd6+ Ke7 13. Qd2 Nxe5 14. Nxb7
Nxf3+ 15. Bxf3 Nc6 16. b4 Rab8 17. O-O Rxb7 18. b5 Ne5 19. Bxb7 Qxb7 20. Qg5+
Kd6 21. Qf4 f6 22. Rfe1 Rc8 23. Qxd4+ Ke7 24. Rxe5 fxe5 25. Qxe5 Kf7 26. Rd1
Rxc4 27. Qh5+ Kf6 28. Qxh7 Qf3 29. Re1 Kf7 30. h4 d5 31. h5 Rg4 32. Qc2 Rg5 33.
Qc7+ Kf6 34. Qd6 Qe4 35. Rxe4 dxe4 36. Qf8+ Ke5 37. Qf4+ 1-0

[Event "Groningen Chess Festival 2010 - Open"]
[Site "Groningen NED"]
[Date "2010.12.27"]
[Round "6.10"]
[White "Pruijssers, Roeland"]
[Black "Van Overdam, Julian"]
[Result "1/2-1/2"]
[WhiteElo "2487"]
[BlackElo "2122"]
[PlyCount "88"]
[EventDate "2010.12.21"]
[EventType "swiss"]
[EventRounds "9"]
[EventCountry "NED"]
[Source "lmi"]
[SourceDate "2010.12.21"]

1. e4 c5 2. Nf3 e6 3. d4 cxd4 4. Nxd4 Nf6 5. Nc3 d6 6. g4 h6 7. h3 Nc6 8. Be3
a6 9. Bg2 Ne5 10. Qe2 g5 11. O-O-O Bd7 12. f4 gxf4 13. Bxf4 Rc8 14. Nf3 Nc4 15.
Nd2 Ne5 16. Bxe5 dxe5 17. Nc4 Qc7 18. Qf2 Be7 19. Nb6 Qc5 20. Qxc5 Rxc5 21.
Rhf1 Rc7 22. Rd3 Rg8 23. Bf3 Bc5 24. Be2 Bxb6 25. Rxf6 Rg6 26. Rxg6 fxg6 27.
Rf3 Ke7 28. Nb1 Bc6 29. Nd2 Rc8 30. Bd3 Rd8 31. Kd1 Ba5 32. c3 b5 33. Ke2 Bb6
34. Rf1 Rb8 35. Rc1 Rf8 36. Rf1 Rb8 37. Nf3 Bc7 38. Rc1 Bd6 39. Rf1 g5 40. h4
gxh4 41. Rh1 Rf8 42. Rxh4 Rf4 43. Nd2 Bc5 44. Rxh6 Rxg4 1/2-1/2